Philadelphia /

Saved in:
Bibliografiske detaljer
Hovedforfatter: Shore, Howard (Composer)
Andre forfattere: Nyswaner, Ron (Scenarist), Washington, Denzel (Actor), Demme, Jonathan (Director), Robards, Jason (Actor), Hanks, Tom (Actor)
Format: Slide
Sprog:italiensk
Udgivet: [S.l.] : Columbia Tristar Home Video, ©1995
Serier:La Repubblica cinema ; 9
Tags: Tilføj Tag
Ingen Tags, Vær først til at tagge denne postø!

MARC

LEADER 00000ngm a22000007ib4500
001 IT\ICCU\SCM\0087454
003 ItRI
005 20260204155950.0
008 190530s1995 it |||||||||||||||k|||||c
040 |b ita  |c CT 
041 7 |a ita  |2 ISO-639-2 
130 0 |a Philadelphia <film ; 1993> 
245 0 0 |a Philadelphia /  |c di Jonathan Demme ; sceneggiatura Ron Nyswaner ; musiche Howard Shore ; con Tom Hanks, Denzel Washington, Jason Robards... [et al]. 
246 1 3 |a Philadelphia <videoregistrazione> 
260 |a [S.l.] :  |b Columbia Tristar Home Video,  |c ©1995 
300 |a 1 videocassetta (VHS) (ca.121 min.) :  |b color., son. ;  |c 19 cm 
500 |a Tit. del contenitore 
500 |a Film del 1993 ; produzione USA 
500 |a Supplemento a "Il Venerdì di Repubblica". 
700 1 |a Nyswaner, Ron  |0 IT\ICCU\CFIV\137954  |4 sce 
700 1 |a Shore, Howard  |0 IT\ICCU\RAVV\088516  |4 cmp 
700 1 |a Washington, Denzel  |0 IT\ICCU\RAVV\090398  |4 act 
700 1 |a Demme, Jonathan  |0 IT\ICCU\RAVV\092478  |4 drt 
700 1 |a Robards, Jason  |0 IT\ICCU\RAVV\092882  |4 act 
700 1 |a Hanks, Tom  |0 IT\ICCU\RAVV\093984  |4 act 
773 0 |w IT\ICCU\CFI\0141152  |t Il venerdi di Repubblica 
830 3 |a La Repubblica cinema ;  |v 9  |0 IT\ICCU\TO0\0830765 
942 |2 ddc  |c VM 
952 |0 0  |1 0  |2 ddc  |4 0  |6 VO_353_000000000000000  |7 0  |9 28166  |a BO  |b BO  |d 2026-02-04  |i 6936  |l 0  |o VO 353  |p BO6936  |r 2026-02-04 16:01:57  |w 2026-02-04  |y VM 
952 |0 0  |1 0  |2 ddc  |4 0  |6 VO_1529_000000000000000  |7 0  |9 28167  |a BO  |b BO  |d 2026-02-04  |i 11711  |l 0  |o VO 1529  |p BO11711  |r 2026-02-04 16:03:17  |w 2026-02-04  |y VM 
999 |c 23876  |d 23876